|
|
|
|
| LEADER |
00000nam0a2200000 4500 |
| 001 |
67783 |
| 005 |
20240208154040.0 |
| 035 |
|
|
|a (RuTPU)RU\TPU\book\72176
|
| 090 |
|
|
|a 67783
|
| 100 |
|
|
|a 20040923d2003 m y0rusy50 ca
|
| 101 |
0 |
|
|a rus
|
| 102 |
|
|
|a RU
|
| 105 |
|
|
|a y j 000zy
|
| 200 |
1 |
|
|a Социально-политическая система Азиатско-Тихоокеанского региона
|e учебно-методическое пособие
|f Томский политехнический университет; сост. Л. И. Сосковец
|
| 210 |
|
|
|a Томск
|c Изд-во ТПУ
|d 2003
|
| 215 |
|
|
|a 110 с.
|
| 606 |
1 |
|
|a Азиатские зарубежные государства
|x Политическое положение
|2 stltpush
|3 (RuTPU)RU\TPU\subj\1571
|9 30328
|
| 610 |
1 |
|
|a политика
|
| 610 |
1 |
|
|a экономика
|
| 610 |
1 |
|
|a социально-политические отношения
|
| 610 |
1 |
|
|a социально-экономическое положение
|
| 610 |
1 |
|
|a социально-экономическое развитие
|
| 610 |
1 |
|
|a политическая система
|
| 610 |
1 |
|
|a политические режимы
|
| 610 |
1 |
|
|a государство
|
| 610 |
1 |
|
|a политические элиты
|
| 610 |
1 |
|
|a бюрократия
|
| 610 |
1 |
|
|a политические партии
|
| 610 |
1 |
|
|a политическая идеология
|
| 610 |
1 |
|
|a экономические реформы
|
| 610 |
1 |
|
|a учебные пособия
|
| 610 |
1 |
|
|a методические пособия
|
| 686 |
|
|
|a Ф2(5)я73
|2 rubbk
|
| 686 |
|
|
|a У9(5)я73
|2 rubbk
|
| 702 |
|
1 |
|a Сосковец
|b Л. И.
|c историк, политолог
|c профессор Томского политехнического университета, доктор исторических наук
|f 1956-
|g Любовь Ивановна
|3 (RuTPU)RU\TPU\pers\25443
|4 220
|9 11385
|
| 712 |
0 |
2 |
|a Томский политехнический университет
|3 (RuTPU)RU\TPU\col\376
|
| 801 |
|
1 |
|a RU
|b 63413507
|c 20040923
|g PSBO
|
| 801 |
|
2 |
|a RU
|b 63413507
|c 20181208
|g PSBO
|
| 942 |
|
|
|c BK
|